000 00658cam a2200193 a 4500
020 _a0419212000
082 0 0 _a624.171
_bGHA
_cL-NUST, P-03
100 1 _aGhali, A.
_936416
245 1 0 _aStructural analysis :
_ba unified classical and matrix approach /
_cA. Ghali, A.M. Neville.
250 _a4th ed.
260 _aLondon ;
_aNew York :
_bE & FN Spon,
_c1997.
300 _axxii, 831 p. ;
_c24 cm.
526 _a0
_b0
_c0
_d624_171000000000000_GHA
650 0 _aMCE
_9379
650 0 _aStructural analysis (Engineering)
_9654
700 1 _aNeville, Adam M.
_936418
856 4 2 _uhttp://www.loc.gov/catdir/enhancements/fy0909/97066021-d.html
942 _2ddc
_cBK
999 _c546720
_d546720